Loading...

John Thomas and Lady Jane/

Bibliographic Details
Main Author: Lawrence, D. H.
Format: Printed Book
Published: London, Heinemann, 1972.
Subjects:
LEADER 00632cam a2200181 4500
020 |a 0434407372 
082 0 0 |a 823.912  |b LAW-J 
100 1 |a Lawrence, D. H. 
245 1 0 |a John Thomas and Lady Jane/ 
260 |a London,  |b Heinemann,  |c 1972. 
300 |a 376p.; 
500 |a This version originally published in an Italian translation in Le tre Lady Chatterley. Milano, Mondadori, 1954. 
650 0 |a English literature-fiction 
650 0 |a Gamekeepers 
650 0 |a Adultery 
942 |c BK 
999 |c 53047  |d 53047 
952 |0 0  |1 0  |4 0  |6 823_912000000000000_LAWJ  |7 0  |9 67115  |a KU  |b KU  |d 2018-12-29  |l 0  |o 823.912 LAW-J  |p EN00852  |r 2018-12-29  |w 2018-12-29  |y BK